| 000 | 00401nam a22001697a 4500 | ||
|---|---|---|---|
| 003 | OSt | ||
| 005 | 20140424111003.0 | ||
| 008 | 130725t xxu||||| |||| 00| 0 eng d | ||
| 050 |
_aPZ 7 _b.Al355 1977 |
||
| 082 |
_aKF _bAl1o |
||
| 100 | _aAlcott, Louisa M. | ||
| 245 |
_aLittle women / _cLouisa M. Alcott. |
||
| 300 |
_a57 p. ; 2 _c0 cm. |
||
| 562 | _e2 | ||
| 942 |
_2lcc _cBK |
||
| 999 |
_c115480 _d115480 |
||